Energetika liberalizácia trhu s energiami v praxi, zborník z odbornej konferencie, 20. apríl 2005 Dom techniky ZSVTS Košice

Bibliographic Details
Format: Software eBook
Language:Slovak
PhysicalDescription:1 elektronický optický disk (CD-ROM) 12 cm
Published: Košice Dom techniky ZSVTS 2005
ISBN:8023202413
Edition:[1.vyd.]
Subjects:

MARC

LEADER 00000nam a2200000 a 4500
001 vtls008187271
003 SK-MaSNL
005 20260426014629.0
007 co cgu uuuua
008 050801s2005 xo dsa 100 0 slo
015 |a SNBS2005 
020 |a 8023202413 
040 |a SNK  |b slo  |c SNK  |e AACR2 
041 0 |a slo 
043 |a e-xo--- 
044 |a xo  |c SK 
072 7 |a 620.9  |x Energertika  |2 konspekt 
080 |a 620.9  |2 2001 
080 |a 338.5:697  |2 2001 
080 |a 697  |2 2001 
080 |a (437.6)  |2 2001 
080 |a (063)  |2 2001 
080 |a (0.034.44)  |2 2001 
245 0 0 |a Energetika  |h elektronický zdroj  |b liberalizácia trhu s energiami v praxi, zborník z odbornej konferencie, 20. apríl 2005 Dom techniky ZSVTS Košice 
250 |a [1.vyd.] 
256 |a Elektronické textové údaje 
260 |a Košice  |b Dom techniky ZSVTS  |c 2005 
300 |a 1 elektronický optický disk (CD-ROM)  |c 12 cm 
516 |a Text (zborník) 
650 0 7 |a energetika  |2 SNKPH  |9 3680 
650 0 7 |a liberalizácia  |2 SNKPH  |9 577450 
650 0 7 |a trh s energiami  |2 SNKPH  |9 739247 
651 7 |a Slovensko  |2 SNKPH  |9 14231 
655 7 |a zborníky konferencií  |2 SNKPH  |9 70153 
655 7 |a CD-ROM  |2 SNKPH  |9 70236 
919 |a 80-232-0241-3 
999 |c 1163573  |d 1165503 
952 |a SNK  |b SNK  |y NEVYP  |7 1  |p 17A0480183  |o snkSCDM 696  |i snk2005/13454  |8 0  |0 0  |1 0  |4 0  |d 2005-08-01  |l 0  |r 2026-02-24 20:40:44  |w 2026-02-24